[Event "Novomoskovsk"]
[Site "Novomoskovsk"]
[Date "2010.08.21"]
[Round "5"]
[White "Abramov, Anatoly"]
[Black "Arkhipov, Vladimir P"]
[Result "1-0"]
[WhiteElo "2105"]
[BlackElo "2097"]
[PlyCount "109"]
[EventDate "2010.08.21"]
[EventType "tourn"]
[EventRounds "13"]
[EventCountry "RUS"]
[SourceTitle "EXT 2022"]
[Source "ChessBase"]
[SourceDate "2021.10.06"]
[SourceVersion "1"]
[SourceVersionDate "2021.10.06"]
[SourceQuality "1"]

1. e4 c5 2. Nf3 d6 3. d4 cxd4 4. Nxd4 Nf6 5. Nc3 g6 6. Be3 Nc6 7. Bc4 Bg7 8. Bb3 0-0 9. f3 Qa5 10. Qd2 Bd7 11. 0-0-0 Rfc8 12. Kb1 Ne5 13. Nd5 Qd8 14. Bg5 Nc4 15. Qe2 Na5 16. Nxf6+ Bxf6 17. Bxf6 exf6 18. Rd2 Nxb3 19. Nxb3 Be6 20. Rhd1 Bc4 21. Qe3 Rc6 22. Qf4 Bxb3 23. axb3 Rac8 24. Rxd6 Qb6 25. Qxf6 Rxd6 26. Qxd6 Qf2 27. Qd2 Qc5 28. c3 a5 29. Qd5 Qb6 30. Kc2 Qa7 31. Qd7 Qc5 32. Qxb7 Rc7 33. Qd5 Qa7 34. Qd8+ Kg7 35. Qd4+ f6 36. Qxa7 Rxa7 37. Kb1 Kf7 38. Ka2 Ke7 39. Ka3 Ke6 40. Ka4 f5 41. Rd4 fxe4 42. Rxe4+ Kd6 43. f4 Rb7 44. Kxa5 Rxb3 45. Rb4 Rxb4 46. Kxb4 Kd5 47. Ka5 Ke4 48. b4 Ke3 49. b5 Kf2 50. g4 Kf3 51. f5 g5 52. f6 Kxg4 53. f7 h5 54. f8Q h4 55. Qc8+ 1-0

[Event "Novomoskovsk"]
[Site "Novomoskovsk"]
[Date "2010.08.21"]
[Round "2"]
[White "Abramov, Anatoly"]
[Black "Gorbunov, Oleg"]
[Result "1-0"]
[WhiteElo "2105"]
[BlackElo "2068"]
[PlyCount "57"]
[EventDate "2010.08.21"]
[EventType "tourn"]
[EventRounds "13"]
[EventCountry "RUS"]
[SourceTitle "EXT 2022"]
[Source "ChessBase"]
[SourceDate "2021.10.06"]
[SourceVersion "1"]
[SourceVersionDate "2021.10.06"]
[SourceQuality "1"]

1. e4 e6 2. d4 d5 3. Nd2 Nf6 4. e5 Nfd7 5. f4 c5 6. c3 Nc6 7. Ndf3 Qb6 8. g3 cxd4 9. cxd4 Bb4+ 10. Kf2 f6 11. Kg2 0-0 12. Bd3 Be7 13. Ne2 f5 14. Bc2 h6 15. a3 Qd8 16. Qd3 Rf7 17. g4 Nf8 18. g5 Ng6 19. h4 Nf8 20. h5 hxg5 21. Nxg5 Bxg5 22. fxg5 g6 23. hxg6 Nxg6 24. Rh6 Rg7 25. Qh3 Kf7 26. Bd2 Bd7 27. Rh1 Qb6 28. Rxg6 Rxg6 29. Qh7+ 1-0

[Event "Novomoskovsk"]
[Site "Novomoskovsk"]
[Date "2010.08.21"]
[Round "1"]
[White "Abramov, Anatoly"]
[Black "Katkov, Sergey1"]
[Result "1-0"]
[WhiteElo "2105"]
[BlackElo "2057"]
[PlyCount "93"]
[EventDate "2010.08.21"]
[EventType "tourn"]
[EventRounds "13"]
[EventCountry "RUS"]
[SourceTitle "EXT 2022"]
[Source "ChessBase"]
[SourceDate "2021.10.06"]
[SourceVersion "1"]
[SourceVersionDate "2021.10.06"]
[SourceQuality "1"]

1. e4 c5 2. Nf3 e6 3. d4 cxd4 4. Nxd4 a6 5. Nc3 b5 6. Bd3 Bb7 7. 0-0 d6 8. Qe2 Nf6 9. Nb3 Nc6 10. f4 Qc7 11. a4 b4 12. Nb1 Be7 13. Be3 d5 14. e5 Nd7 15. a5 h6 16. N1d2 0-0 17. Qg4 f5 18. Qg6 Nd8 19. g4 Nc5 20. Nxc5 Bxc5 21. Bxc5 Qxc5+ 22. Rf2 Qc6 23. gxf5 exf5 24. Bxf5 Qxg6+ 25. Bxg6 Ne6 26. Raf1 Rac8 27. Nb3 Rc4 28. f5 Ng5 29. Re2 Nh3+ 30. Kg2 Nf4+ 31. Rxf4 Rxf4 32. e6 d4+ 33. Kg3 Rf3+ 34. Kg4 h5+ 35. Kg5 Re3 36. Nxd4 Rxe2 37. Nxe2 Bc6 38. Nd4 Ba4 39. b3 Be8 40. Bxe8 Rxe8 41. f6 gxf6+ 42. Kxf6 Rf8+ 43. Ke7 Kg7 44. Kd7 Rf4 45. Nc6 Rf2 46. e7 Rd2+ 47. Ke6 1-0

[Event "Novomoskovsk"]
[Site "Novomoskovsk"]
[Date "2010.08.21"]
[Round "4"]
[White "Semenova, Svetlana"]
[Black "Abramov, Anatoly"]
[Result "1/2-1/2"]
[WhiteElo "2064"]
[BlackElo "2105"]
[PlyCount "96"]
[EventDate "2010.08.21"]
[EventType "tourn"]
[EventRounds "13"]
[EventCountry "RUS"]
[SourceTitle "EXT 2022"]
[Source "ChessBase"]
[SourceDate "2021.10.06"]
[SourceVersion "1"]
[SourceVersionDate "2021.10.06"]
[SourceQuality "1"]

1. e4 c5 2. Nf3 Nc6 3. d4 cxd4 4. Nxd4 g6 5. Nc3 Bg7 6. Be3 Nf6 7. Bc4 0-0 8. Bb3 d6 9. f3 Bd7 10. Qd2 Qa5 11. 0-0-0 Rfc8 12. Nd5 Qxd2+ 13. Rxd2 Nxd5 14. Bxd5 e6 15. Bxc6 bxc6 16. Nb3 d5 17. Nc5 Be8 18. c3 dxe4 19. fxe4 e5 20. Kc2 Rd8 21. Rhd1 Rxd2+ 22. Rxd2 f5 23. Ne6 Kf7 24. Nc7 Rc8 25. Nxe8 Kxe8 26. Bxa7 Ra8 27. Bc5 Rxa2 28. Rd6 Bf8 29. Re6+ Kd7 30. Rxe5 Bxc5 31. Rxc5 Kd6 32. Rc4 f4 33. e5+ Kxe5 34. Rxc6 Ra1 35. Rc8 Rg1 36. Re8+ Kf5 37. Re2 g5 38. h3 h5 39. b4 g4 40. hxg4+ hxg4 41. b5 f3 42. gxf3 gxf3 43. Re8 Rg2+ 44. Kb3 Rg6 45. Re1 Rf6 46. Kb4 f2 47. Rf1 Ke6 48. b6 Kd7 1/2-1/2

[Event "Tula Efremenkov Memorial"]
[Site "Tula"]
[Date "2008.01.08"]
[Round "7"]
[White "Abramov, Anatoly"]
[Black "Zhukov, Vladimir"]
[Result "0-1"]
[WhiteElo "2139"]
[BlackElo "1941"]
[PlyCount "51"]
[EventDate "2008.01.02"]
[EventType "tourn"]
[EventRounds "9"]
[EventCountry "RUS"]
[SourceTitle "CBM 122 Extra"]
[Source "ChessBase"]
[SourceDate "2008.03.04"]
[SourceVersion "1"]
[SourceVersionDate "2008.03.04"]
[SourceQuality "1"]

1. d4 Nf6 2. c4 e5 3. dxe5 Ng4 4. Bf4 Nc6 5. Nf3 Bc5 6. e3 Qe7 7. Qd5 Nb4 8. Qd1 Nc6 9. Qd5 Nb4 10. Qd2 Nc6 11. Be2 Ngxe5 12. Nxe5 Nxe5 13. 0-0 d6 14. Nc3 Bb4 15. a3 Bxc3 16. Qxc3 0-0 17. c5 Ng6 18. Bg3 dxc5 19. Rfc1 Be6 20. Qxc5 Qxc5 21. Rxc5 c6 22. Bf3 Rad8 23. e4 a6 24. b4 h6 25. h4 Ne7 26. h5 0-1

[Event "Tula Efremenkov Memorial"]
[Site "Tula"]
[Date "2008.01.02"]
[Round "1"]
[White "Maslova, Elena"]
[Black "Abramov, Anatoly"]
[Result "1-0"]
[WhiteElo "2027"]
[BlackElo "2139"]
[PlyCount "79"]
[EventDate "2008.01.02"]
[EventType "tourn"]
[EventRounds "9"]
[EventCountry "RUS"]
[SourceTitle "CBM 122 Extra"]
[Source "ChessBase"]
[SourceDate "2008.03.04"]
[SourceVersion "1"]
[SourceVersionDate "2008.03.04"]
[SourceQuality "1"]

1. e4 e6 2. d4 d5 3. exd5 exd5 4. Nc3 c6 5. Bf4 Bd6 6. Qd2 Bf5 7. f3 Ne7 8. g4 Bg6 9. 0-0-0 Qc7 10. Nge2 0-0 11. h4 h5 12. Bxd6 Qxd6 13. Nf4 hxg4 14. fxg4 Be4 15. Nxe4 dxe4 16. Re1 Nd7 17. Rxe4 Nf6 18. Re5 Ng6 19. Nxg6 fxg6 20. Bc4+ Nd5 21. h5 Rae8 22. Rxe8 Rxe8 23. h6 Qf6 24. hxg7 Qxg7 25. Qg5 Qf7 26. Rf1 Qe6 27. Kb1 Kg7 28. a3 Qe7 29. Qd2 Qe3 30. Qh2 Qxd4 31. Bxd5 Qxd5 32. Rh1 Qe5 33. Qh7+ Kf6 34. Rf1+ Kg5 35. Rh1 Qe2 36. Qh4+ Kf4 37. Qf6+ Kg3 38. Qxg6 Kg2 39. Qh5 Kg3 40. Rh3+ 1-0

[Event "Tula Suetin Memorial op"]
[Site "Tula"]
[Date "2002.03.30"]
[Round "8"]
[White "Kalichkin, Igor"]
[Black "Abramov, Anatoly"]
[Result "1/2-1/2"]
[WhiteElo "2268"]
[BlackElo "2146"]
[PlyCount "61"]
[EventDate "2002.03.23"]
[EventType "swiss"]
[EventRounds "9"]
[EventCountry "RUS"]
[SourceTitle "CBM 087 Extra"]
[Source "ChessBase"]
[SourceDate "2002.05.03"]
[SourceVersion "2"]
[SourceVersionDate "2002.08.09"]
[SourceQuality "1"]

1. c4 Nf6 2. Nc3 d6 3. g3 g6 4. Bg2 Bg7 5. Nf3 Nbd7 6. 0-0 0-0 7. Rb1 e5 8. d3 c6 9. b4 Re8 10. Bd2 h6 11. a4 c5 12. b5 Rb8 13. Ne1 Nf8 14. Nc2 Be6 15. Ne3 Ng4 16. Qc1 Nxe3 17. Bxe3 Kh7 18. Nd5 Nd7 19. Bd2 Bxd5 20. Bxd5 f5 21. Bg2 Nf6 22. e4 Rf8 23. Qd1 Ne8 24. exf5 gxf5 25. f4 Nc7 26. Qh5 Ne6 27. Bd5 Nd4 28. Rbe1 Qf6 29. Bc3 Qg6 30. Qxg6+ Kxg6 31. Bxd4 1/2-1/2

[Event "Tula Suetin Memorial op"]
[Site "Tula"]
[Date "2002.03.29"]
[Round "7"]
[White "Abramov, Anatoly"]
[Black "Tokarev, Ilya"]
[Result "1-0"]
[WhiteElo "2146"]
[BlackElo "2240"]
[PlyCount "57"]
[EventDate "2002.03.23"]
[EventType "swiss"]
[EventRounds "9"]
[EventCountry "RUS"]
[SourceTitle "CBM 087 Extra"]
[Source "ChessBase"]
[SourceDate "2002.05.03"]
[SourceVersion "2"]
[SourceVersionDate "2002.08.09"]
[SourceQuality "1"]

1. d4 Nf6 2. c4 g6 3. Nc3 Bg7 4. e4 0-0 5. f4 c5 6. d5 d6 7. Nf3 Nh5 8. Be2 f5 9. e5 dxe5 10. fxe5 Nd7 11. e6 Ndf6 12. 0-0 Qc7 13. Ng5 Rd8 14. Bd2 Qe5 15. Nf3 Qc7 16. Re1 Ng4 17. Nb5 Qb8 18. h3 Ngf6 19. Ng5 a6 20. Nc3 Qg3 21. Nf7 Rf8 22. Bf3 Nf4 23. Bxf4 Qxf4 24. Qd3 Rxf7 25. exf7+ Kxf7 26. Qe2 Qd6 27. Rad1 Bd7 28. a4 b6 29. Qxe7+ 1-0

[Event "Tula Suetin Memorial op"]
[Site "Tula"]
[Date "2002.03.25"]
[Round "3"]
[White "Abramov, Anatoly"]
[Black "Petukhov, Dmitry"]
[Result "1-0"]
[WhiteElo "2146"]
[BlackElo "2212"]
[PlyCount "75"]
[EventDate "2002.03.23"]
[EventType "swiss"]
[EventRounds "9"]
[EventCountry "RUS"]
[SourceTitle "CBM 087 Extra"]
[Source "ChessBase"]
[SourceDate "2002.05.03"]
[SourceVersion "2"]
[SourceVersionDate "2002.08.09"]
[SourceQuality "1"]

1. d4 Nf6 2. c4 g6 3. Nc3 Bg7 4. e4 d6 5. f4 0-0 6. Nf3 c5 7. d5 e6 8. Be2 exd5 9. cxd5 Re8 10. Nd2 Na6 11. 0-0 Nc7 12. a4 b6 13. Re1 Ba6 14. Bf3 Nd7 15. e5 dxe5 16. d6 Ne6 17. Bxa8 Qxa8 18. Nf3 exf4 19. Nd5 Nd4 20. Rxe8+ Qxe8 21. Ne7+ Kh8 22. Bxf4 Ne2+ 23. Kh1 Nxf4 24. Qd2 Nd3 25. a5 Nb4 26. Re1 Qf8 27. axb6 axb6 28. h4 h6 29. h5 Kh7 30. Re4 Nd3 31. Ra4 Nb4 32. hxg6+ fxg6 33. Rxa6 Nxa6 34. Qd3 c4 35. Qxg6+ Kh8 36. Qe6 Ne5 37. Nxe5 Kh7 38. Qg6+ 1-0

[Event "Tula Suetin Memorial op"]
[Site "Tula"]
[Date "2002.03.24"]
[Round "2"]
[White "Pechenov, Viacheslav"]
[Black "Abramov, Anatoly"]
[Result "1-0"]
[WhiteElo "2279"]
[BlackElo "2146"]
[PlyCount "93"]
[EventDate "2002.03.23"]
[EventType "swiss"]
[EventRounds "9"]
[EventCountry "RUS"]
[SourceTitle "CBM 087 Extra"]
[Source "ChessBase"]
[SourceDate "2002.05.03"]
[SourceVersion "2"]
[SourceVersionDate "2002.08.09"]
[SourceQuality "1"]

1. e4 c5 2. Nf3 Nc6 3. h3 d6 4. c3 Nf6 5. Qc2 e5 6. Bc4 h6 7. g4 Na5 8. Be2 Nc6 9. a3 Qa5 10. b4 Qc7 11. b5 Ne7 12. c4 b6 13. Nc3 Bb7 14. d3 Ng6 15. a4 Be7 16. Rg1 Nh7 17. a5 Ng5 18. a6 Bc8 19. Nd5 Qd8 20. Rh1 Nxf3+ 21. Bxf3 Bg5 22. Be3 Be6 23. Nc3 Qf6 24. Be2 0-0-0 25. Qd2 Rd7 26. 0-0-0 Bf4 27. Rdf1 Qg5 28. Bd1 Rf8 29. Ne2 Kb8 30. Ng3 Nh4 31. Nf5 Bxe3 32. fxe3 Rg8 33. Qf2 Bxf5 34. gxf5 Qf6 35. Rhg1 g5 36. fxg6 Qxf2 37. Rxf2 fxg6 38. Rf6 Kc7 39. Rg4 g5 40. Rxh6 Rf8 41. Rxg5 Nf3 42. Rf5 Rxf5 43. exf5 e4 44. Bxf3 exf3 45. Kd2 Rg7 46. Rg6 Rh7 47. f6 1-0